000 00800nam a2200217Ia 4500
003 GCL
008 140319s9999 xx 000 0 ara d
040 _aGCL /
_cGCL
082 0 4 _a152
_bع ع
100 1 _aعبدالرحمن محمد عيسوى
245 1 0 _aعلم النفس الفسيولوجى : دراسة فى تفسير السلوك الانسانى /
_cعبدالرحمن محمد عيسوى
260 _aالقاهرة :
_bدار النهضة العربية للطباعة والنشر ،
_c1991
300 _a462 ص ؛
_c24 سم
650 0 4 _aعلم النفس
650 0 4 _aالتحليل النفسى
650 0 4 _aعلم النفس الفسيولوجى
650 0 4 _aالذاكرة
650 0 4 _aالتفكير
650 0 4 _aالجوانب النفسية
942 _2ddc
_cBK
999 _c39207
_d39207